History of 20th Century Fashion (Record no. 356604)

MARC details
000 -LEADER
fixed length control field 01433nam a2200193Ia 4500
003 - CONTROL NUMBER IDENTIFIER
control field OSt
005 - DATE AND TIME OF LATEST TRANSACTION
control field 20231206113637.0
008 - FIXED-LENGTH DATA ELEMENTS--GENERAL INFORMATION
fixed length control field 220524s9999 xx 000 0 und d
020 ## - INTERNATIONAL STANDARD BOOK NUMBER
International Standard Book Number 9780713486929
041 ## - LANGUAGE CODE
Language code of text/sound track or separate title eng
082 ## - DEWEY DECIMAL CLASSIFICATION NUMBER
Classification number 746.92
Item number EWI
100 ## - MAIN ENTRY--PERSONAL NAME
Author Ewing Elizabeth
245 ## - TITLE STATEMENT
Title History of 20th Century Fashion
260 ## - PUBLICATION, DISTRIBUTION, ETC.
Name of publisher, distributor, etc. Batsford-London
Date of publication, distribution, etc. 2009
300 ## - PHYSICAL DESCRIPTION
Extent 320
520 ## - SUMMARY, ETC.
Summary, etc. • Acknowledgement<br/>• Bibliography<br/>• Chronology<br/>1. Edwardian Sunshine for the Few, But Change in the Air, I900- 1_I909<br/>2. Fashion Spreads from the Top, and Many Join in, I900-I910<br/>3. Manufacture Grows, But Sweated Labour Casts a Shadow, I900-I908<br/>4. The Start of Modern Fashion and the Effect of World War I, I907 -I9I8<br/>5. New Fashion Makers and the New Kinds of Fashion, I920-I930<br/>6. Developments in Fashion Manufacture Between the Wars, I918-I935<br/>7. Fashion by Decree During and After World War II, I939-I947<br/>8. New Looks for all from 1947<br/>9. The Young Explosion Splits Fashion from the Late I950, s<br/>10. Growth and Prosperity of the Top Manufacturers, I960’s and Early I970’s<br/>11. Changes from the I970’s; Revolt, Unexpected Influences and Punk<br/>12. Ready-to-Wear: I970’s to Early I990’s<br/>13. Changes to the Shops: I970’s to Early I990’s<br/>14. Fashion from the Mid-I980’s to Early I990’s<br/>15. Fashion from the Mid-I90’s to the Millennium<br/>
650 ## - SUBJECT ADDED ENTRY--TOPICAL TERM
Topical term or geographic name entry element Fashion History
942 ## - ADDED ENTRY ELEMENTS (KOHA)
Koha item type Books
Holdings
Withdrawn status Lost status Source of classification or shelving scheme Damaged status Not for loan Home library Current library Date acquired Net Price Total Checkouts Full call number Barcode Date last seen Date last checked out Actual Price Bill Date Koha item type Original Barcode
    Dewey Decimal Classification     School of Fashion Technology School of Fashion Technology 27/04/2002 0.00 3 746.92 EWI SOFT-BK-2344 06/01/2026 06/01/2026 0.00 08/07/2022 Books 002344